| 000 | 01117nab a22002417a 4500 | ||
|---|---|---|---|
| 999 |
_c6271 _d6271 |
||
| 003 | OSt | ||
| 005 | 20260128195508.0 | ||
| 008 | 190514b xxu||||| |||| 00| 0 spa d | ||
| 040 | _cPJ | ||
| 100 |
_95960 _aSurraco, María Mercedes |
||
| 245 | 1 | 3 |
_aLa exclusión hereditaria conyugal en el Código Civil y Comercial de la Nación / _cMaría Mercedes Surraco. |
| 300 | _ap. 107-117 | ||
| 500 | _aCita: TR LALEY AR/DOC/2717/2025. | ||
| 505 | _aSumario: I. El caso.— II. Los argumentos del Tribunal.— III. Nuestro comentario.— IV. Reflexiones finales. | ||
| 505 | _tFallo comentado: CCiv., Com. y Lab., Curuzú Cuatiá ~ 09/06/2025 ~ A., M. A. s/ sucesión ab intestato s/ incidente de exclusión de herencia. | ||
| 650 | 0 |
_9967 _aDERECHO DE FAMILIA |
|
| 650 | 0 |
_91497 _aCODIGO CIVIL Y COMERCIAL |
|
| 650 | 0 |
_9888 _aSUCESIONES |
|
| 650 | 0 |
_91081 _aEXCLUSION HEREDITARIA |
|
| 650 | 0 |
_91057 _aJURISPRUDENCIA APLICABLE |
|
| 773 | 0 |
_02844 _93222 _dBuenos Aires : AbeledoPerrot, 1989- _tDerecho de familia. Revista Interdisciplinaria de doctrina y jurisprudencia. Diciembre 2025-VI. _z18511201 |
|
| 942 |
_2udc _cANA |
||